| 000 | 00903nmm a2200301 a 4500 | ||
|---|---|---|---|
| 003 | AR-BaBNM | ||
| 005 | 20251128203035.0 | ||
| 008 | 166119s1969 ||||||||||||||000 | spa|| | ||
| 040 | _cAR-BaBNM | ||
| 100 | 1 | _aKowitz, Gerald T. | |
| 245 | 1 | 0 | _aLa orientación escolar en la enseñanza moderna |
| 260 |
_aBuenos Aires _bTroquel _c1969 |
||
| 300 | 0 | _a319 p. | |
| 500 | 0 | _aContiene referencias bibliográficas al final de cada capítulo | |
| 650 | 4 | _aTEORIAS DE LA ORIENTACION | |
| 650 | 4 | _aFUNCIONES DE LA ORIENTACION | |
| 650 | 4 | _aOBJETIVOS DE LA ORIENTACION | |
| 650 | 4 | _aSERVICIOS DE ORIENTACION | |
| 650 | 4 | _aPSICOLOGOS | |
| 650 | 4 | _aTRABAJADORES SOCIALES | |
| 653 | 0 | _aORIENTACION EDUCATIVA | |
| 653 | 0 | _aINTERACCION EDUCATIVA | |
| 653 | 0 | _aGABINETES PSICOPEDAGOGICOS | |
| 700 | 1 | _aGiess Kowitz, Norma | |
| 700 | 1 |
_aColapinto, Jorge _etraductor |
|
| 942 | _cBK | ||
| 998 | _csilvi | ||
| 999 |
_c1625 _d1625 |
||